| 000 | 00483nam a22001817a 4500 | ||
|---|---|---|---|
| 003 | OSt | ||
| 005 | 20181001143429.0 | ||
| 008 | 181001b xxu||||| |||| 00| 0 eng d | ||
| 020 | _a8185790167 | ||
| 040 | _cDNLM | ||
| 082 | _aQV744 K11a 2006 | ||
| 100 |
_aKasture,A. V.; Wadodkar, S.G _912692 |
||
| 245 | _aPharmaceutical Inorganic Chemistry | ||
| 260 | _aNiral Prakashan; Mumbai, 2006 | ||
| 300 | _a193p; ill: 24cm | ||
| 650 |
_aPharmaceutical chemistry _9283 |
||
| 942 |
_2z _cSLOAN |
||
| 999 |
_c6141 _d6141 |
||